| 000 | 01274cab a2200193 4500 | ||
|---|---|---|---|
| 001 | L130823 | ||
| 008 | 050902n 000 0 eng u | ||
| 035 | _a(Sirsi) u130823 | ||
| 041 | 0 | _aeng | |
| 100 | _aPriestley, Robin | ||
| 245 | _aRadical design | ||
| 490 |
_aJournal of the Law Society of Scotland _v50(8) August 2005, 26-27(2) |
||
| 520 | _aOutlines the key features of the Scottish Executive's White Paper "Modernising the planning system" (see L130198) that proposes a radical overhaul of the planning system in Scotland. Lists the key proposals and discusses: the hierarchy for planning; agreements on processing major development proposals; improvement of guidance governing such agreements; statutory consultation; life of consents; appeal periods;the primacy of development plans and the rejection of third-party right of appeal at this time. Concludes that the White Paper's proposals could create real improvements in the planning system but does not underestimate the difficulties of implementation nor the considerable resource implications for public authorities. | ||
| 590 | _aIKA130905 | ||
| 690 | _aENVIRONMENTAL AND LAND CONSULTANCY-PLANNING AND DEVELOPMENT-STRATEGIC PLANNING | ||
| 700 | _aMair, Caroline | ||
| 700 | _aMackay, Jason | ||
| 942 | _n0 | ||
| 999 |
_c75814 _d75814 |
||